| 000 | 00889nam a22002657a 4500 | ||
|---|---|---|---|
| 999 |
_c64731 _d64731 |
||
| 005 | 20240530110747.0 | ||
| 008 | 181208s2018 a g b 000 0 ara d | ||
| 017 |
_a2017/7208 _bمصر. دار الكتب |
||
| 020 | _a9789776567368 | ||
| 040 |
_aEG-CaGPL _cEG-CaGPL |
||
| 082 | 0 | 4 |
_221 _a342.03\ _bع ق |
| 100 | 0 | _aعلى مجيد العكيلى | |
| 245 | 1 | 2 |
_aالقيود الدستورية على حل البرلمان / _cعلى مجيد العكيلى . |
| 250 | _aط.1 | ||
| 260 |
_aالقاهرة : _c2018 . |
||
| 300 |
_a153 ص. ؛ _c24 سم. |
||
| 504 | _aيشتمل على ارجاعات ببليوجرافية | ||
| 650 | 0 | 7 |
_2qrmak _aالبرلمان |
| 650 | 0 | 7 | _aالدستور الفرنسى |
| 650 | 0 | 7 | _aالدستور |
| 650 | 0 | 7 |
_aحل البرلمان _2qrmak |
| 651 | _2qrmak | ||
| 942 |
_2ddc _cBK |
||